[Event "Ratinger SK 1 - DJK Aufwärts Aachen 3"]
[Site "NRW-Klasse - Gruppe 3 2019/20"]
[Date "2020.02.23"]
[Round "7.5"]
[White "Schloemer, Armin"]
[Black "Liedtke, Dirk"]
[Result "1/2-1/2"]
[WhiteElo "1937"]
[BlackElo "2102"]
[PlyCount "83"]
[EventDate "2020.??.??"]
[SourceVersionDate "2020.03.16"]
[WhiteTeam "DJK Aufwärts Aachen 3"]
[BlackTeam "Ratinger SK 1"]

1. e4 e6 2. b3 Nf6 3. Nc3 d5 4. e5 Nfd7 5. f4 Be7 6. Qg4 g6 7. h4 h5 8. Qg3 Nc5
9. d3 d4 10. Nce2 Nca6 11. a3 c5 12. Bd2 Nc6 13. Qf2 Nc7 14. Nf3 Nd5 15. Ng3 f5
16. Be2 Bf8 17. Ng5 Bh6 18. Bf3 Bxg5 19. hxg5 Nce7 20. Ne2 Bd7 21. b4 b6 22.
O-O Bc6 23. Rfd1 Kf7 24. Nc1 Rc8 25. bxc5 bxc5 26. Rb1 Nb6 27. Nb3 Bxf3 28.
Qxf3 Qd5 29. Kf2 Rhd8 30. Ba5 Rd7 31. Bxb6 axb6 32. Nd2 Qxf3+ 33. Kxf3 Nd5 34.
Nc4 Rc6 35. Rb3 Ra7 36. Rdb1 Ra6 37. R1b2 Ke7 38. g3 Kd7 39. Kg2 Kc7 40. Rb1
Nc3 41. R1b2 Na4 42. Rb1 1/2-1/2

[Event "Ratinger SK 1 - DJK Aufwärts Aachen 3"]
[Site "NRW-Klasse - Gruppe 3 2019/20"]
[Date "2020.02.23"]
[Round "7.6"]
[White "Podhorsky, Roman"]
[Black "Braeuer, Karl-Heinz"]
[Result "1/2-1/2"]
[WhiteElo "1995"]
[BlackElo "1933"]
[PlyCount "115"]
[EventDate "2020.??.??"]
[SourceVersionDate "2020.03.16"]
[WhiteTeam "Ratinger SK 1"]
[BlackTeam "DJK Aufwärts Aachen 3"]

1. e4 c6 2. d4 d5 3. exd5 cxd5 4. c4 e6 5. Nf3 Nf6 6. Nc3 Be7 7. Be2 O-O 8. O-O
Nc6 9. Bf4 Nh5 10. Be3 Nf6 11. Rc1 a6 12. Ne5 Bd6 13. f4 dxc4 14. Bxc4 Nb4 15.
Qf3 Bd7 16. Qxb7 Rb8 17. Qf3 Nbd5 18. Nxd5 exd5 19. Nxd7 Qxd7 20. Bxd5 Rxb2 21.
Bb3 a5 22. Rc4 Qg4 23. h3 Qxf3 24. Rxf3 Re8 25. Rc6 Bb4 26. Rc7 Re7 27. Rc8+
Re8 28. Rxe8+ Nxe8 29. Rf2 Rb1+ 30. Rf1 Rb2 31. Rf2 Rb1+ 32. Kh2 Re1 33. Bd2
Re4 34. Bxb4 axb4 35. d5 Rd4 36. Rc2 Kf8 37. Kg3 Nd6 38. Re2 Ne4+ 39. Kf3 Nd2+
40. Ke3 Nxb3 41. axb3 Rxd5 42. Rd2 Rb5 43. Kd4 Ke7 44. Kc4 Rb7 45. Rd5 Ke6 46.
Rb5 Rd7 47. f5+ Kf6 48. g4 Kg5 49. Kxb4 Rd3 50. Rb7 Rxh3 51. Rxf7 Kxg4 52.
Rxg7+ Kxf5 53. Kc4 h5 54. b4 Rh1 55. Kc5 h4 56. b5 h3 57. Rh7 h2 58. Kb6
1/2-1/2

[Event "Ratinger SK 1 - DJK Aufwärts Aachen 3"]
[Site "NRW-Klasse - Gruppe 3 2019/20"]
[Date "2020.02.23"]
[Round "7.7"]
[White "Hennicken, Reinhard"]
[Black "Meis, Carsten"]
[Result "1/2-1/2"]
[WhiteElo "1913"]
[BlackElo "1986"]
[PlyCount "34"]
[EventDate "2020.??.??"]
[SourceVersionDate "2020.03.16"]
[WhiteTeam "DJK Aufwärts Aachen 3"]
[BlackTeam "Ratinger SK 1"]

1. e4 g6 2. Nf3 Bg7 3. d4 d6 4. h3 Nf6 5. Nc3 c6 6. Bd3 O-O 7. O-O Qc7 8. Qe2
e5 9. Be3 h6 10. Rad1 Be6 11. dxe5 dxe5 12. Bc4 Bxc4 13. Qxc4 Na6 14. a3 Rfd8
15. Rxd8+ Rxd8 16. Qe2 Qb8 17. Rd1 Rxd1+ 1/2-1/2

[Event "Ratinger SK 1 - DJK Aufwärts Aachen 3"]
[Site "NRW-Klasse - Gruppe 3 2019/20"]
[Date "2020.02.23"]
[Round "7.8"]
[White "Katz, Rafael"]
[Black "Block, Wolfgang"]
[Result "1/2-1/2"]
[WhiteElo "1959"]
[BlackElo "2046"]
[PlyCount "27"]
[EventDate "2020.??.??"]
[SourceVersionDate "2020.03.16"]
[WhiteTeam "Ratinger SK 1"]
[BlackTeam "DJK Aufwärts Aachen 3"]

1. d4 Nf6 2. Bf4 g6 3. e3 Bg7 4. Nf3 O-O 5. h3 d6 6. Bc4 Nbd7 7. O-O c5 8. c3
a6 9. a4 b6 10. Nbd2 Bb7 11. Qe2 d5 12. Bd3 Ne4 13. Ne5 Nxd2 14. Nxd7 1/2-1/2

[Event "Kölner SK Dr. Lasker 2 - Brühler SK 1"]
[Site "NRW-Klasse - Gruppe 3 2019/20"]
[Date "2020.02.23"]
[Round "7.1"]
[White "Loifenfeld, Jakov"]
[Black "di Franco, Patrizio"]
[Result "1-0"]
[WhiteElo "2374"]
[BlackElo "2024"]
[PlyCount "55"]
[EventDate "2020.??.??"]
[SourceVersionDate "2020.03.16"]
[WhiteTeam "Brühler SK 1"]
[BlackTeam "Kölner SK Dr. Lasker 2"]

1. d4 Nf6 2. Nf3 c5 3. g3 cxd4 4. Nxd4 g6 5. Bg2 Bg7 6. O-O O-O 7. c4 Nc6 8.
Nc3 d6 9. Nxc6 bxc6 10. Bxc6 Rb8 11. Bg2 Bb7 12. Qd3 Bxg2 13. Kxg2 Qd7 14. b3
e6 15. Bg5 Ng4 16. Rad1 Ne5 17. Qd2 f6 18. Bf4 Rbd8 19. Bxe5 fxe5 20. f3 Qb7
21. Qe3 Rf7 22. Qe4 Qb4 23. Rd3 Re8 24. Qc6 Rd8 25. Ne4 Bf8 26. Rfd1 Qa3 27.
R1d2 Bh6 28. Rxd6 1-0

[Event "Kölner SK Dr. Lasker 2 - Brühler SK 1"]
[Site "NRW-Klasse - Gruppe 3 2019/20"]
[Date "2020.02.23"]
[Round "7.2"]
[White "Mandt, Mathias"]
[Black "Schiffer, Stefan"]
[Result "1/2-1/2"]
[WhiteElo "2045"]
[BlackElo "2254"]
[PlyCount "105"]
[EventDate "2020.??.??"]
[SourceVersionDate "2020.03.16"]
[WhiteTeam "Kölner SK Dr. Lasker 2"]
[BlackTeam "Brühler SK 1"]

1. d4 d5 2. c4 e6 3. Nc3 c6 4. Bf4 Nf6 5. e3 Nbd7 6. Nf3 Qa5 7. Nd2 Be7 8. Be2
O-O 9. O-O Qd8 10. Bf3 dxc4 11. Nxc4 Nd5 12. Bg3 b5 13. Ne5 Nxe5 14. Bxe5 Nxc3
15. bxc3 Bb7 16. a4 Qd7 17. Qb3 a5 18. Rfb1 b4 19. Rc1 Rfc8 20. Rc2 c5 21. Bxb7
Qxb7 22. dxc5 Rxc5 23. Bd4 Rg5 24. f4 Rd5 25. Rac1 Bc5 26. Bxc5 Rxc5 27. cxb4
Rxc2 28. Rxc2 axb4 29. Rc5 Rd8 30. Rb5 Qc6 31. Rxb4 Qc1+ 32. Kf2 Rd2+ 33. Kg3
Qe1+ 34. Kh3 h6 35. Rb8+ Kh7 36. Qb1+ Qxb1 37. Rxb1 Ra2 38. Rb4 Ra3 39. Re4 Kg6
40. Kg3 Kf6 41. Kf3 h5 42. Re5 Rxa4 43. Rxh5 g6 44. Rh7 Ra7 45. h4 e5 46. fxe5+
Kxe5 47. g4 Ra1 48. h5 gxh5 49. gxh5 Kf6 50. Kf4 Rf1+ 51. Ke4 Rh1 52. Kf4 Rf1+
53. Ke4 1/2-1/2

[Event "Kölner SK Dr. Lasker 2 - Brühler SK 1"]
[Site "NRW-Klasse - Gruppe 3 2019/20"]
[Date "2020.02.23"]
[Round "7.3"]
[White "Gramb, Marius"]
[Black "Rosenkraenzer, Torsten"]
[Result "1/2-1/2"]
[WhiteElo "2130"]
[BlackElo "1996"]
[Annotator "Daniel"]
[PlyCount "105"]
[EventDate "2020.??.??"]
[SourceVersionDate "2020.03.16"]
[WhiteTeam "Brühler SK 1"]
[BlackTeam "Kölner SK Dr. Lasker 2"]

1. e4 c5 2. c3 d6 3. d4 Nf6 4. Bd3 g6 5. h3 Bg7 6. Nf3 O-O 7. O-O Qc7 8. Na3 a6
9. Bf4 b6 10. Qd2 Rd8 11. Rfe1 Bb7 12. Rac1 Nbd7 13. Bh6 b5 14. Bxg7 Kxg7 15.
Nh4 e5 16. d5 h6 17. b4 cxb4 18. cxb4 Qb6 19. Nc2 Nh5 20. Kh2 Nf4 21. Bf1 Kh7
22. g3 Nh5 23. Bg2 Rdc8 24. Ne3 Qd4 25. Nf3 Qxd2 26. Nxd2 Rxc1 27. Rxc1 Rc8 28.
Rxc8 Bxc8 29. Bf3 Nhf6 30. Bd1 Nb6 $11 31. f4 Nfd7 32. Bc2 f6 33. f5 g5 34. Kg2
Kg7 35. Nb3 Na8 36. Na5 Ndb6 37. Kf3 h5 38. Ke2 Nc7 39. Bb3 Kf8 40. Kd3 Ne8 41.
Nd1 Ke7 42. Nc6+ Kd7 43. Nc3 Bb7 44. Na5 Kc7 45. Bd1 Ng7 46. Bf3 Ba8 47. Kc2
Bb7 48. Kb3 Bc8 49. g4 h4 50. Be2 Bd7 51. Kb2 Ne8 52. Bd3 Kb8 53. a3 1/2-1/2

[Event "Kölner SK Dr. Lasker 2 - Brühler SK 1"]
[Site "NRW-Klasse - Gruppe 3 2019/20"]
[Date "2020.02.23"]
[Round "7.4"]
[White "Mews, Bernhard"]
[Black "Engel, Johann"]
[Result "1-0"]
[WhiteElo "1975"]
[BlackElo "2136"]
[PlyCount "43"]
[EventDate "2020.??.??"]
[SourceVersionDate "2020.03.16"]
[WhiteTeam "Kölner SK Dr. Lasker 2"]
[BlackTeam "Brühler SK 1"]

1. d4 Nf6 2. Nc3 d5 3. Bf4 g6 4. e3 Bg7 5. h4 O-O 6. h5 Nxh5 7. Rxh5 gxh5 8.
Qxh5 f5 9. Nf3 c6 10. Bd3 e6 11. O-O-O Qe8 12. Qh2 Nd7 13. Rh1 h5 14. Ne2 Nf6
15. Ne5 Ne4 16. Bxe4 fxe4 17. Ng3 Bxe5 18. dxe5 Rf5 19. Nxf5 exf5 20. Qg3+ Kf7
21. Qg5 Ke6 22. Qf6+ 1-0

[Event "Kölner SK Dr. Lasker 2 - Brühler SK 1"]
[Site "NRW-Klasse - Gruppe 3 2019/20"]
[Date "2020.02.23"]
[Round "7.6"]
[White "Lommen, Frank"]
[Black "Keller, Thomas"]
[Result "1/2-1/2"]
[WhiteElo "1924"]
[BlackElo "2172"]
[PlyCount "99"]
[EventDate "2020.??.??"]
[SourceVersionDate "2020.03.16"]
[WhiteTeam "Kölner SK Dr. Lasker 2"]
[BlackTeam "Brühler SK 1"]

1. Nf3 d5 2. g3 Nf6 3. Bg2 Bf5 4. c4 c6 5. O-O e6 6. d3 h6 7. Be3 Bd6 8. Qb3
Qc7 9. Nc3 Na6 10. cxd5 exd5 11. Rac1 Qe7 12. Bd4 O-O 13. e4 dxe4 14. dxe4 Be6
15. Qd1 Bc5 16. e5 Nd7 17. Ne4 Bxd4 18. Qxd4 Bxa2 19. Nd6 Nb6 20. Nf5 Qb4 21.
Qe3 Nd5 22. Nxh6+ Kh7 23. Qg5 gxh6 24. Qf5+ Kh8 25. Ng5 hxg5 26. Be4 Qxe4 27.
Qxe4 Rg8 28. h4 gxh4 29. Kg2 h3+ 30. Kxh3 Kg7 31. g4 Rae8 32. f4 Re6 33. f5
Rh6+ 34. Kg3 Kf8 35. Rh1 Rxh1 36. Rxh1 Nc5 37. Qd4 b6 38. b4 Nb3 39. Qf2 Nxb4
40. Rd1 Nc5 41. Qf4 Ncd3 42. Qh6+ Ke8 43. Qd6 Rxg4+ 44. Kxg4 Nf2+ 45. Kh5 Nxd1
46. f6 Nd5 47. Qxc6+ Kd8 48. Kg5 N1c3 49. Qd6+ Ke8 50. Qc6+ 1/2-1/2

[Event "Kölner SK Dr. Lasker 2 - Brühler SK 1"]
[Site "NRW-Klasse - Gruppe 3 2019/20"]
[Date "2020.02.23"]
[Round "7.7"]
[White "Peters, Alex"]
[Black "Plitzner, Hans Joachim"]
[Result "1-0"]
[WhiteElo "2114"]
[BlackElo "1632"]
[PlyCount "97"]
[EventDate "2020.??.??"]
[SourceVersionDate "2020.03.16"]
[WhiteTeam "Brühler SK 1"]
[BlackTeam "Kölner SK Dr. Lasker 2"]

1. b3 e5 2. Bb2 Nc6 3. e3 d6 4. c4 Nf6 5. d3 Be7 6. Be2 O-O 7. Nd2 a5 8. a3 Bd7
9. Ngf3 Ne8 10. d4 exd4 11. Nxd4 Nxd4 12. Bxd4 Bf6 13. Ne4 Bc6 14. Nxf6+ Nxf6
15. Bf3 Ne4 16. Bb2 Qe7 17. Qd4 f6 18. O-O Rad8 19. Rfd1 b6 20. b4 axb4 21.
axb4 Kh8 22. b5 Ba8 23. Rxa8 Rxa8 24. Qxe4 Qxe4 25. Bxe4 Ra2 26. Bd4 Rd8 27. g3
h6 28. Bd5 Ra4 29. Ra1 Rxa1+ 30. Bxa1 Kh7 31. Kg2 Kg6 32. Kf3 Re8 33. Kf4 Re7
34. Bd4 Re8 35. Bc6 Re7 36. g4 Kf7 37. h4 Kf8 38. Kf5 Kf7 39. h5 Kf8 40. Kg6
Kg8 41. f4 Kf8 42. Bd5 Rd7 43. Be6 Re7 44. f5 Re8 45. Bd5 Re7 46. e4 Re8 47.
Be3 Re7 48. Bf4 Re8 49. c5 1-0

[Event "Kölner SK Dr. Lasker 2 - Brühler SK 1"]
[Site "NRW-Klasse - Gruppe 3 2019/20"]
[Date "2020.02.23"]
[Round "7.8"]
[White "Pschera, Alexander"]
[Black "Haskelman, Evgen"]
[Result "0-1"]
[WhiteElo "1487"]
[BlackElo "2070"]
[PlyCount "52"]
[EventDate "2020.??.??"]
[SourceVersionDate "2020.03.16"]
[WhiteTeam "Kölner SK Dr. Lasker 2"]
[BlackTeam "Brühler SK 1"]

1. e4 d5 2. exd5 Nf6 3. Bb5+ Bd7 4. Bc4 b5 5. Bb3 Bg4 6. f3 Bc8 7. d4 Nxd5 8.
Bd2 e6 9. Ne2 Qh4+ 10. g3 Qh5 11. Nf4 Nxf4 12. Bxf4 Bb7 13. Nd2 Nc6 14. Be3
O-O-O 15. Ne4 Nxd4 16. Bxd4 e5 17. Qe2 Rxd4 18. Nd2 Be7 19. O-O-O Bg5 20. Rhf1
Rhd8 21. g4 Rxd2 22. Rxd2 Rxd2 23. Qxd2 Bxd2+ 24. Kxd2 Qxh2+ 25. Kc1 Bxf3 26.
Bxf7 Qf4+ 0-1

[Event "Krefelder SK Turm 2 - SK Turm Kleve 1"]
[Site "NRW-Klasse - Gruppe 3 2019/20"]
[Date "2020.02.23"]
[Round "7.1"]
[White "Verhoef, Pieter"]
[Black "Maes, Valery"]
[Result "1-0"]
[WhiteElo "2109"]
[BlackElo "2065"]
[PlyCount "73"]
[EventDate "2020.??.??"]
[SourceVersionDate "2020.03.16"]
[WhiteTeam "SK Turm Kleve 1"]
[BlackTeam "Krefelder SK Turm 2"]

1. e4 e6 2. d4 d5 3. Nc3 Nc6 4. Nf3 Nf6 5. Bd3 Nb4 6. Bg5 Be7 7. e5 Nd7 8. Bxe7
Qxe7 9. Ne2 c5 10. c3 Nxd3+ 11. Qxd3 O-O 12. O-O f6 13. exf6 Qxf6 14. Ng3 a5
15. Rfe1 Ra6 16. Re2 c4 17. Qd2 h6 18. Rae1 b5 19. Ne5 Nxe5 20. Rxe5 b4 21. h3
Rb6 22. cxb4 axb4 23. R1e3 Rb7 24. Nh5 Qg6 25. Rg3 Qh7 26. Nf4 Rf6 27. Qe3 Rb6
28. Kh2 Qc2 29. Nxd5 exd5 30. Re8+ Kh7 31. Qe7 Rg6 32. Rxg6 Rxg6 33. Qf8 Rg5
34. Rxc8 Rf5 35. Qg8+ Kg6 36. Rc7 Rf6 37. Qxg7+ 1-0

[Event "Krefelder SK Turm 2 - SK Turm Kleve 1"]
[Site "NRW-Klasse - Gruppe 3 2019/20"]
[Date "2020.02.23"]
[Round "7.2"]
[White "Markgraf, Jonas"]
[Black "Verfuerth, Kevin"]
[Result "1-0"]
[WhiteElo "2001"]
[BlackElo "2023"]
[PlyCount "91"]
[EventDate "2020.??.??"]
[SourceVersionDate "2020.03.16"]
[WhiteTeam "Krefelder SK Turm 2"]
[BlackTeam "SK Turm Kleve 1"]

1. e4 c5 2. Nf3 d6 3. Bb5+ Nd7 4. O-O a6 5. Bd3 g6 6. c3 Bg7 7. Bc2 c4 8. Qe2
b5 9. a4 Bb7 10. axb5 axb5 11. Rxa8 Qxa8 12. d4 cxd3 13. Bxd3 Ngf6 14. Nbd2 O-O
15. Bxb5 Nc5 16. e5 dxe5 17. Qxe5 Nfe4 18. Qf4 Ne6 19. Qe3 Nxd2 20. Bxd2 Rb8
21. Be2 Bc6 22. b4 Nc7 23. c4 e5 24. b5 Bxf3 25. Bxf3 Qa2 26. b6 Ne6 27. c5 Nd4
28. Bc3 Nxf3+ 29. Qxf3 Qc4 30. Qe3 Rc8 31. b7 Rb8 32. Rb1 Qd5 33. h3 Rxb7 34.
Rxb7 Qxb7 35. Bxe5 Bxe5 36. Qxe5 Kf8 37. Qd6+ Ke8 38. c6 Qc8 39. Kh2 Qe6 40.
Qb8+ Ke7 41. Qc7+ Ke8 42. Qb8+ Ke7 43. Qb7+ Kf6 44. c7 Qe5+ 45. g3 Qd4 46. c8=Q
1-0

[Event "Krefelder SK Turm 2 - SK Turm Kleve 1"]
[Site "NRW-Klasse - Gruppe 3 2019/20"]
[Date "2020.02.23"]
[Round "7.3"]
[White "Albers, Sasa"]
[Black "Prein, Michael"]
[Result "1-0"]
[WhiteElo "2028"]
[BlackElo "2043"]
[PlyCount "111"]
[EventDate "2020.??.??"]
[SourceVersionDate "2020.03.16"]
[WhiteTeam "SK Turm Kleve 1"]
[BlackTeam "Krefelder SK Turm 2"]

1. e4 Nc6 2. Nf3 Nf6 3. e5 Ng4 4. d4 d6 5. h3 Nh6 6. Bxh6 gxh6 7. exd6 Qxd6 8.
c3 Bf5 9. Bd3 Qe6+ 10. Kf1 Qg6 11. Bxf5 Qxf5 12. Nbd2 O-O-O 13. Nc4 Bg7 14. Qe2
e6 15. g3 Rhe8 16. Kg2 e5 17. Rhe1 exd4 18. Qxe8 Rxe8 19. Rxe8+ Kd7 20. Ree1
Qd5 21. Ne3 Qb5 22. Rad1 Qxb2 23. Nf5 Bf6 24. cxd4 Qxa2 25. d5 Ne7 26. Nxh6
Nxd5 27. Ng8 Bc3 28. Re3 Bg7 29. Rd2 Qa5 30. Re7+ Kc6 31. Rxf7 Qc3 32. Rf5 Nb4
33. Ne7+ Kb6 34. Rdd5 c6 35. Nc8+ Kc7 36. Rf7+ Kxc8 37. Rdd7 Be5 38. Rde7 Kd8
39. Rd7+ Kc8 40. Rde7 Kd8 41. Rxe5 Nd5 42. Rg5 Ke8 43. Rxb7 Kf8 44. Rxa7 Ne3+
45. fxe3 Qc2+ 46. Kf1 Qd3+ 47. Kf2 Qc2+ 48. Ke1 Qc1+ 49. Ke2 Qc4+ 50. Kd2 Qb4+
51. Kd3 Qb1+ 52. Ke2 h6 53. Rga5 Qh1 54. Rb7 Qg2+ 55. Kd3 Qf1+ 56. Ke4 1-0

[Event "Krefelder SK Turm 2 - SK Turm Kleve 1"]
[Site "NRW-Klasse - Gruppe 3 2019/20"]
[Date "2020.02.23"]
[Round "7.4"]
[White "Cozzuto, Alessandro"]
[Black "Brandt, Thorsten"]
[Result "1/2-1/2"]
[WhiteElo "1846"]
[BlackElo "1963"]
[Annotator "Daniel"]
[PlyCount "127"]
[EventDate "2020.??.??"]
[SourceVersionDate "2020.03.16"]
[WhiteTeam "Krefelder SK Turm 2"]
[BlackTeam "SK Turm Kleve 1"]

1. c4 c5 2. g3 g6 3. Bg2 Bg7 4. Nc3 Nc6 5. a3 d6 6. Rb1 e6 7. Nh3 Nge7 8. Nf4
b6 9. O-O Bb7 10. b4 Qd7 11. Qa4 O-O 12. Bb2 Rfd8 13. Ne4 Ne5 14. Qxd7 Rxd7 15.
bxc5 Nxc4 16. Bxg7 Kxg7 17. cxd6 Nxd6 18. Nxd6 Bxg2 19. Kxg2 Rxd6 20. Rfc1 e5
21. Rc7 Nf5 22. Nd3 e4 23. Ne5 Nh6 24. Rb4 Rxd2 25. Rxe4 a5 26. Nc4 Rc2 27. Rb7
Rc8 28. Nd6 R8c6 29. Ne8+ Kf8 30. Rb8 Rc8 31. Rxc8 Rxc8 32. Nd6 Rc6 33. Re8+
Kg7 34. Ne4 Re6 35. Rxe6 fxe6 36. Nc3 Kf6 37. f4 Ke7 38. Kf3 Nf7 39. Ke4 Kd6
40. Kd4 Kc6 41. a4 Kd6 42. Nb5+ Kc6 43. e4 Nd8 44. g4 Nb7 45. h4 Nc5 46. Nc3
Kd6 47. g5 e5+ 48. fxe5+ Ke6 49. Kc4 Kxe5 50. Kb5 Kd4 51. Kxb6 $11 Nxa4+ 52.
Nxa4 Kxe4 53. Nc5+ Kf5 54. Kxa5 Kg4 55. Ne6 Kxh4 56. Nf8 Kxg5 57. Nxh7+ Kh6 58.
Nf6 g5 59. Kb4 Kg6 60. Nd5 g4 61. Kc4 g3 62. Ne3 Kg5 63. Kd3 Kf4 64. Ke2
1/2-1/2

[Event "Krefelder SK Turm 2 - SK Turm Kleve 1"]
[Site "NRW-Klasse - Gruppe 3 2019/20"]
[Date "2020.02.23"]
[Round "7.5"]
[White "Krebbers, Wilfried"]
[Black "Komans, Dieter"]
[Result "1-0"]
[WhiteElo "1943"]
[BlackElo "2021"]
[PlyCount "37"]
[EventDate "2020.??.??"]
[SourceVersionDate "2020.03.16"]
[WhiteTeam "SK Turm Kleve 1"]
[BlackTeam "Krefelder SK Turm 2"]

1. b4 b6 2. Bb2 Bb7 3. e3 Nf6 4. c4 a5 5. b5 e6 6. Nf3 Bd6 7. Be2 Qe7 8. d4 Ne4
9. O-O h5 10. a3 Rh6 11. Nbd2 Rg6 12. Nxe4 Bxe4 13. Bd3 f5 14. Bxe4 fxe4 15.
Qc2 Rg4 16. h3 exf3 17. hxg4 Bh2+ 18. Kh1 fxg2+ 19. Kxg2 1-0

[Event "Krefelder SK Turm 2 - SK Turm Kleve 1"]
[Site "NRW-Klasse - Gruppe 3 2019/20"]
[Date "2020.02.23"]
[Round "7.6"]
[White "van Ael, Bert"]
[Black "Verfuerth, Thomas"]
[Result "1-0"]
[WhiteElo "1908"]
[BlackElo "2003"]
[PlyCount "71"]
[EventDate "2020.??.??"]
[SourceVersionDate "2020.03.16"]
[WhiteTeam "Krefelder SK Turm 2"]
[BlackTeam "SK Turm Kleve 1"]

1. d4 Nf6 2. Nf3 e6 3. Bg5 d5 4. e3 h6 5. Bh4 Be7 6. Nbd2 Nbd7 7. Bd3 b6 8. c3
Bb7 9. O-O Ne4 10. Bg3 Bf6 11. Be5 Bxe5 12. Nxe5 Nxe5 13. dxe5 Nc5 14. Be2 O-O
15. f4 Qe7 16. Qc2 g6 17. b4 Nd7 18. Bd3 Kg7 19. Nf3 c5 20. a3 a5 21. g4 c4 22.
Be2 Rg8 23. Nd4 f5 24. Bf3 Kh8 25. Kh1 Nf8 26. Rg1 axb4 27. axb4 Nh7 28. Rxa8
Rxa8 29. gxf5 gxf5 30. Qg2 Qf7 31. Nxe6 Re8 32. Nd4 Rg8 33. Qxg8+ Qxg8 34.
Rxg8+ Kxg8 35. Nxf5 Kf7 36. Nd6+ 1-0

[Event "Krefelder SK Turm 2 - SK Turm Kleve 1"]
[Site "NRW-Klasse - Gruppe 3 2019/20"]
[Date "2020.02.23"]
[Round "7.7"]
[White "Hoenselaar, Dennis"]
[Black "Braeunig, Heiko"]
[Result "1-0"]
[WhiteElo "1772"]
[BlackElo "1779"]
[PlyCount "35"]
[EventDate "2020.??.??"]
[SourceVersionDate "2020.03.16"]
[WhiteTeam "SK Turm Kleve 1"]
[BlackTeam "Krefelder SK Turm 2"]

1. c4 Nf6 2. g3 e6 3. Bg2 c5 4. Nc3 Nc6 5. e4 d6 6. Nge2 Bd7 7. O-O Be7 8. d3
Qc7 9. Rb1 a6 10. a3 Rb8 11. h3 b5 12. cxb5 axb5 13. b4 cxb4 14. axb4 d5 15.
exd5 Nxb4 16. dxe6 Bxe6 17. Bf4 Bd6 18. Rxb4 1-0

[Event "Krefelder SK Turm 2 - SK Turm Kleve 1"]
[Site "NRW-Klasse - Gruppe 3 2019/20"]
[Date "2020.02.23"]
[Round "7.8"]
[White "Zagrabski, Marc"]
[Black "Huysman, Arie Cornelis"]
[Result "0-1"]
[WhiteElo "1759"]
[BlackElo "1976"]
[PlyCount "86"]
[EventDate "2020.??.??"]
[SourceVersionDate "2020.03.16"]
[WhiteTeam "Krefelder SK Turm 2"]
[BlackTeam "SK Turm Kleve 1"]

1. e4 e5 2. Nf3 Nc6 3. Bb5 a6 4. Ba4 Nf6 5. O-O b5 6. Bb3 Be7 7. Re1 O-O 8. a4
Bb7 9. Nc3 b4 10. Nd5 Na5 11. Nxe7+ Qxe7 12. d3 Nxb3 13. cxb3 Rfd8 14. Bg5 h6
15. Bh4 c5 16. Qc2 Rac8 17. Re2 Rc6 18. Rae1 Re8 19. h3 g5 20. Bg3 d6 21. h4
Nh5 22. hxg5 hxg5 23. Bh2 Kg7 24. Qc1 g4 25. Nd2 Rh8 26. Nf1 Bc8 27. g3 Kg6 28.
d4 exd4 29. e5 d5 30. e6 Rxe6 31. Qc2+ Kg7 32. Rxe6 Bxe6 33. Qe2 c4 34. bxc4
dxc4 35. f4 Qc5 36. Qf2 Rd8 37. Nd2 c3 38. bxc3 bxc3 39. Ne4 Qd5 40. Ng5 d3 41.
Nxe6+ fxe6 42. Qa7+ Rd7 43. Qxa6 d2 0-1

[Event "SV Turm Kamp-Lintfort 1 - Oberhausener "]
[Site "NRW-Klasse - Gruppe 3 2019/20"]
[Date "2020.02.23"]
[Round "7.1"]
[White "Becker, Marcel"]
[Black "Ratering, Jona"]
[Result "1-0"]
[WhiteElo "2330"]
[BlackElo "2114"]
[PlyCount "77"]
[EventDate "2020.??.??"]
[SourceVersionDate "2020.03.16"]
[WhiteTeam "Oberhausener SV 1"]
[BlackTeam "SV Turm Kamp-Lintfort 1"]

1. d4 Nf6 2. c4 e6 3. Nf3 b6 4. a3 Ba6 5. Qc2 Bb7 6. Nc3 c5 7. e4 cxd4 8. Nxd4
Bc5 9. Nf3 Ng4 10. Bg5 f6 11. Bh4 Nc6 12. Rd1 O-O 13. Be2 Qe8 14. O-O Nge5 15.
Nb5 Qg6 16. Kh1 a6 17. Nd6 Nxf3 18. gxf3 Bxd6 19. Rxd6 e5 20. Rg1 Qh5 21. Bxf6
Rxf6 22. Rxf6 Nd4 23. Qd3 Bc6 24. Rd6 Nxe2 25. Qxe2 Rf8 26. Rg3 Rf4 27. Rg4 Rf7
28. Rd1 b5 29. c5 Qh3 30. Rg3 Qh4 31. Rdg1 g6 32. Qe3 Qh5 33. Kg2 Rf4 34. h3
Kg7 35. Rg4 Rf7 36. Rg5 Rxf3 37. Rxh5 Rxe3 38. fxe3 gxh5 39. Kf3+ 1-0

[Event "SV Turm Kamp-Lintfort 1 - Oberhausener "]
[Site "NRW-Klasse - Gruppe 3 2019/20"]
[Date "2020.02.23"]
[Round "7.2"]
[White "Hagen, Gunter"]
[Black "Montignies, Rainer"]
[Result "1/2-1/2"]
[WhiteElo "2100"]
[BlackElo "2256"]
[PlyCount "54"]
[EventDate "2020.??.??"]
[SourceVersionDate "2020.03.16"]
[WhiteTeam "SV Turm Kamp-Lintfort 1"]
[BlackTeam "Oberhausener SV 1"]

1. d4 e6 2. c4 Bb4+ 3. Bd2 Qe7 4. Nf3 Nf6 5. g3 Bxd2+ 6. Nbxd2 d6 7. e4 e5 8.
d5 a5 9. Bg2 O-O 10. O-O Bg4 11. Qc2 Bxf3 12. Bxf3 Na6 13. a3 c6 14. Rfc1 Rfc8
15. Qd1 g6 16. Rab1 Kg7 17. b4 axb4 18. axb4 c5 19. b5 Nb4 20. Ra1 Qd8 21. Qb3
Rxa1 22. Rxa1 Ra8 23. Ra4 Qb8 24. Qa3 Rxa4 25. Qxa4 b6 26. h4 h5 27. Be2 Qb7
1/2-1/2

[Event "SV Turm Kamp-Lintfort 1 - Oberhausener "]
[Site "NRW-Klasse - Gruppe 3 2019/20"]
[Date "2020.02.23"]
[Round "7.3"]
[White "Kummerow, Heiko"]
[Black "Westermann, Johannes"]
[Result "1-0"]
[WhiteElo "2226"]
[BlackElo "2007"]
[PlyCount "123"]
[EventDate "2020.??.??"]
[SourceVersionDate "2020.03.16"]
[WhiteTeam "Oberhausener SV 1"]
[BlackTeam "SV Turm Kamp-Lintfort 1"]

1. e4 e5 2. Nf3 Nc6 3. d4 exd4 4. Nxd4 Bc5 5. Nb3 Bb6 6. Qe2 d6 7. Be3 Nf6 8.
Nc3 O-O 9. O-O-O Ng4 10. Bxb6 axb6 11. Kb1 f5 12. h3 Nf6 13. exf5 Bxf5 14. Qc4+
Kh8 15. Nd4 Nxd4 16. Qxd4 Qe8 17. Bd3 Bxd3 18. Rxd3 Qc6 19. Rg3 Rae8 20. a3 Rf7
21. Rf3 Rfe7 22. Rd1 Kg8 23. Rxf6 gxf6 24. Nd5 Re2 25. c4 R8e6 26. Qg4+ Kh8 27.
Nxf6 Rxf6 28. Qxe2 Qxg2 29. Rd2 Qg6+ 30. Ka1 Qf7 31. Qe4 Rf4 32. Qd5 Kg8 33.
Qg5+ Kf8 34. Re2 Qf6 35. Qh5 Qf7 36. Qh6+ Kg8 37. Re6 Rxf2 38. Qg5+ Qg7 39.
Re8+ Rf8 40. Rxf8+ Kxf8 41. Qd8+ Kf7 42. Qxc7+ Kg6 43. Qxd6+ Qf6 44. Qxf6+ Kxf6
45. b4 Ke5 46. Kb2 Kd4 47. Kb3 h5 48. h4 Ke4 49. c5 b5 50. a4 bxa4+ 51. Kxa4
Kd4 52. Kb3 Kd5 53. Kc3 Ke5 54. Kc4 Ke6 55. Kb5 Kd7 56. Kb6 Kc8 57. c6 bxc6 58.
Kxc6 Kb8 59. Kb6 Kc8 60. b5 Kb8 61. Ka6 Ka8 62. b6 1-0

[Event "SV Turm Kamp-Lintfort 1 - Oberhausener "]
[Site "NRW-Klasse - Gruppe 3 2019/20"]
[Date "2020.02.23"]
[Round "7.4"]
[White "Bosser, Heinz-Dieter"]
[Black "Ciornei, Dragos"]
[Result "1/2-1/2"]
[WhiteElo "1979"]
[BlackElo "2130"]
[Annotator "Daniel"]
[PlyCount "64"]
[EventDate "2020.??.??"]
[SourceVersionDate "2020.03.16"]
[WhiteTeam "SV Turm Kamp-Lintfort 1"]
[BlackTeam "Oberhausener SV 1"]

1. d4 Nf6 2. Nf3 g6 3. c4 Bg7 4. Nc3 d6 5. e4 O-O 6. Be2 e5 7. d5 a5 8. Bg5 h6
9. Be3 Na6 10. Nd2 Nd7 11. g4 Ndc5 12. Nf1 Qh4 13. Ng3 Bd7 14. h3 Bf6 15. Qd2
Bg5 16. O-O-O Bxe3 17. Qxe3 Qg5 18. Qxg5 hxg5 19. h4 $11 gxh4 20. Rxh4 Kg7 21.
Rdh1 Rh8 22. Kd2 Rxh4 23. Rxh4 Rh8 24. Rxh8 Kxh8 25. Nf1 Kg7 26. g5 f6 27.
gxf6+ Kxf6 28. Nh2 Kg5 29. Ke3 Nb4 30. Nf3+ Kf6 31. Ne1 Kg5 32. Nf3+ Kf6
1/2-1/2

[Event "SV Turm Kamp-Lintfort 1 - Oberhausener "]
[Site "NRW-Klasse - Gruppe 3 2019/20"]
[Date "2020.02.23"]
[Round "7.5"]
[White "Alkhazashvili, Ololi"]
[Black "Esser, Jochen"]
[Result "1-0"]
[WhiteElo "2158"]
[BlackElo "1949"]
[PlyCount "53"]
[EventDate "2020.??.??"]
[SourceVersionDate "2020.03.16"]
[WhiteTeam "Oberhausener SV 1"]
[BlackTeam "SV Turm Kamp-Lintfort 1"]

1. e4 e5 2. Nf3 Nc6 3. Bb5 a6 4. Ba4 Nf6 5. O-O Nxe4 6. d4 b5 7. Bb3 d5 8. dxe5
Be6 9. a4 Nc5 10. axb5 Nxb3 11. cxb3 axb5 12. Rxa8 Qxa8 13. Nc3 Bc5 14. Qd3 O-O
15. Ng5 g6 16. Nxd5 Nxe5 17. Nf6+ Kh8 18. Qc3 Bd6 19. Bf4 b4 20. Qg3 Qa5 21.
Nfxh7 Re8 22. Nf6 Rd8 23. Qh4+ Kg7 24. Nfe4 Bxb3 25. Ne6+ Bxe6 26. Qh6+ Kg8 27.
Nf6# 1-0